| 000 | 03237nam0a22005531 4500 | ||
|---|---|---|---|
| 001 | RU\NLR\A1\563 | ||
| 005 | 20260407090855.0 | ||
| 035 | _a(NLR Aleph) 009670728 | ||
| 090 |
_a9660071 _c9660071 |
||
| 100 | _a19960613d1781 m y0rusy50 ca | ||
| 101 | 0 | _arus | |
| 102 | _aRU | ||
| 135 | _acrgn 008anaba | ||
| 140 | _ay y mayaa0000 | ||
| 200 | 1 |
_aСлова при начале и окончании открытия Синбирскаго наместничества _fСказыванныя преосвященным Антонием епископом Нижегородским и Алаторским декабря 16 и 27 дней, 1780 года. |
|
| 210 |
_aВ Санктпетербурге _cПри Императорской Академии наук _d1781 |
||
| 215 |
_a31, [1] с. _d4° |
||
| 306 | _aНапечатано на счет "Кабинета е. и. в." | ||
| 310 | _aТираж 100 экз. | ||
| 316 |
_aЭкз. РНБ (18.111.2.223) в бумаж. обл. На 1-й и 2-й с. обл. ярлыки с шифром РНБ. На тит. л., с.15 и 31 круглый штамп ГПБ _5NLR: 18.111.2.223 |
||
| 316 |
_aЭкз. РНБ (РЗФ 18 в. 5/625) в бумаж. обл. На 4-й с. обл. и с.[1] экслибрис РЗФ ГПБ с шифром. На обороте тит. л. и с.31 круглый штамп ГПБ _5NLR: РЗФ 18 в. 5/625 |
||
| 317 |
_aВ экз. РНБ (РЗФ 18 в. 5/625) шрифт. ярлык «Антикварная книжная торговля В.И.Клочкова» на с.31 _5NLR: РЗФ 18 в. 5/625 |
||
| 321 | 1 | _aСК XVIII 205 | |
| 325 | 1 | _aКопия доступна в электронной библиотеке РНБ | |
| 620 | _dСанкт-Петербург | ||
| 700 | 0 |
_4070 _7ca _8rus _aАнтоний _cЗыбелин, Алексей Герасимович _cархиепископ Казанский и Свияжский _fок. 1730-1797 _9188208 _3RU\NLR\AUTH\770188259 |
|
| 702 | 1 |
_4390 _7ca _8rus _aКлочков _bВ. И. _fок.1861-1915 _gВасилий Иванович _9172600 _3RU\NLR\AUTH\770172651 |
|
| 712 | 0 | 2 |
_4610 _aАкадемическая типография _cПетербург _3RU\NLR\AUTH\8815379 _9303965 |
| 801 | 0 |
_aRU _bNLR _c19960613 |
|
| 852 |
_aNLR _j18.111.2.223 |
||
| 852 |
_aNLR _bРЗФ _j18 в. 5/625 |
||
| 856 | 0 | _uhttp://vivaldi.nlr.ru/bx000014330/view | |
| 856 | 1 | _uhttp://vivaldi.nlr.ru/bx000014330/cover | |
| 856 | 2 | _uhttp://vivaldi.nlr.ru/bx000014330/text | |
| 899 | _aБАН | ||
| 899 | _aГПИБ | ||
| 899 | _aРГБ | ||
| 899 | _aУОНБ | ||
| 899 | _aНГОУНБ | ||
| 899 | _aНБЛ КГУ | ||
| 901 | _eКнижные издания | ||
| 942 | _cBOOK | ||
| 980 | _aNB | ||
| 980 | _aA1XVIIIv | ||
| 981 | 2 | 2 |
_a(22) Материалы по истории России _b(22) Религиозные конфессии |
| 981 | 2 | 2 |
_a(22) Материалы по истории России _b(22) История России до 25 октября (7 ноября) 1917 года |
| 981 | 2 | 0 | _a(20) Книжные памятники РНБ |